[Event "SVK ECo-C Extraliga 2021-22"]
[Site "Slovakia"]
[Date "2022.03.12"]
[Round "5.8"]
[White "Hecko, Dusan"]
[Black "Bombek, Peter"]
[Result "1-0"]
[WhiteElo "2030"]
[BlackElo "2090"]
[Annotator "ChessBase"]
[PlyCount "161"]
[EventDate "2021.10.21"]
[EventType "team-tourn"]
[EventCountry "SVK"]
[SourceTitle "playchess.com"]
[Source "ChessBase"]
[SourceQuality "1"]
[TimeControl "40/5400+30:1800+30"]

1. c4 {[%emt 0:00:16]} e6 {[%emt 0:00:05]} 2. Nc3 {[%emt 0:00:45]} d5 {[%emt 0:00:05]} 3. e3 {[%emt 0:02:44]} c5 {[%emt 0:00:39]} 4. d4 {[%emt 0:01:21]} Nf6 {[%emt 0:00:39]} 5. Nf3 {[%emt 0:00:42]} Nc6 {[%emt 0:00:06]} 6. Be2 {[%emt 0:08:34]} a6 {[%emt 0:03:00]} 7. O-O {[%emt 0:02:16]} dxc4 {[%emt 0:00:10]} 8. dxc5 {[%emt 0:02:48]} Qxd1 {[%emt 0:02:01]} 9. Rxd1 {[%emt 0:00:18]} Bxc5 {[%emt 0:01:13]} 10. Bxc4 {[%emt 0:01:14]} b5 {[%emt 0:00:39]} 11. Be2 {[%emt 0:03:21]} Bb7 {[%emt 0:00:21]} 12. b3 {[%emt 0:01:36]} Ke7 {[%emt 0:02:20]} 13. Bb2 {[%emt 0:01:10]} Rhd8 {[%emt 0:02:20]} 14. Kf1 {[%emt 0:06:24]} Rd6 {[%emt 0:06:52]} 15. Rxd6 {[%emt 0:04:50]} Bxd6 {[%emt 0:01:10]} 16. Rd1 {[%emt 0:02:21]} Rc8 {[%emt 0:05:56]} 17. h3 {[%emt 0:13:12]} h6 {[%emt 0:05:18]} 18. Ne1 {[%emt 0:04:54]} Nd8 {[%emt 0:08:51]} 19. Rc1 {[%emt 0:07:15]} g6 {[%emt 0:05:08]} 20. Bf3 {[%emt 0:00:40]} Rc7 {[%emt 0:06:49]} 21. Bxb7 {[%emt 0:01:33]} Nxb7 {[%emt 0:01:20]} 22. Nd3 {[%emt 0:00:26]} Nc5 {[%emt 0:05:03]} 23. Nxc5 {[%emt 0:02:07]} Bxc5 {[%emt 0:01:43]} 24. Ke2 {[%emt 0:03:02]} Bb4 {[%emt 0:08:58]} 25. Kd3 {[%emt 0:03:39]} Rd7+ {[%emt 0:01:23]} 26. Ke2 {[%emt 0:00:54]} Nd5 {[%emt 0:03:52]} 27. Nxd5+ {[%emt 0:01:19]} Rxd5 {[%emt 0:00:34]} 28. Rc2 {[%emt 0:02:48]} Kd6 {[%emt 0:07:42]} 29. Bg7 {[%emt 0:03:35]} Ba5 {[%emt 0:03:58]} 30. Bxh6 {[%emt 0:01:50]} Kd7 {[%emt 0:02:52]} 31. e4 {[%emt 0:01:30]} Rh5 {[%emt 0:05:22]} 32. Be3 {[%emt 0:01:03]} f5 {[%emt 0:04:17]} 33. Kd3 {[%emt 0:02:17]} Bc7 {[%emt 0:01:27]} 34. f3 {[%emt 0:02:28]} Rh4 {[%emt 0:01:48]} 35. Bf2 {[%emt 0:02:07]} fxe4+ {[%emt 0:00:31]} 36. fxe4 {[%emt 0:00:15]} Rh5 {[%emt 0:00:09]} 37. Bd4 {[%emt 0:01:26]} Bg3 {[%emt 0:02:05]} 38. Rc5 {[%emt 0:03:09]} Rxc5 {[%emt 0:01:10]} 39. Bxc5 {[%emt 0:00:09]} Kc6 {[%emt 0:00:17]} 40. Bd4 {[%emt 0:00:17]} Kd6 {[%emt 0:00:23]} 41. Ke3 {[%emt 0:30:23]} e5 {[%emt 0:05:01]} 42. Ba7 {[%emt 0:00:00]} Ke6 {[%emt 0:07:23]} 43. Kf3 {[%emt 0:00:00]} Be1 {[%emt 0:00:29]} 44. Kg4 {[%emt 0:00:00]} Kf6 {[%emt 0:01:21]} 45. h4 {[%emt 0:00:00]} Bd2 {[%emt 0:00:57]} 46. Bb6 {[%emt 0:00:00]} Kg7 {[%emt 0:00:32]} 47. Bc7 {[%emt 0:00:00]} Bc3 {[%emt 0:00:18]} 48. h5 {[%emt 0:00:00]} Kh6 {[%emt 0:00:17]} 49. hxg6 {[%emt 0:00:00]} Kxg6 {[%emt 0:00:02]} 50. Bb6 {[%emt 0:00:00]} Bb2 {[%emt 0:02:12]} 51. Kf3 {[%emt 0:00:00]} Bc1 {[%emt 0:03:41]} 52. Bd8 {[%emt 0:00:00]} Kh5 {[%emt 0:02:13]} 53. Ba5 {[%emt 0:00:00]} Bb2 {[%emt 0:00:23]} 54. Bd2 {[%emt 0:00:00]} Bd4 {[%emt 0:00:35]} 55. a4 {[%emt 0:00:00]} bxa4 {[%emt 0:05:37]} 56. bxa4 {[%emt 0:00:00]} Bb2 {[%emt 0:00:21]} 57. Bb4 {[%emt 0:00:00]} Ba1 {[%emt 0:02:15]} 58. Be7 {[%emt 0:00:00]} Bb2 {[%emt 0:00:24]} 59. g4+ {[%emt 0:00:00]} Kg6 {[%emt 0:00:05]} 60. Bh4 {[%emt 0:00:00]} Bc1 {[%emt 0:01:03]} 61. Bg3 {[%emt 0:00:00]} Bb2 {[%emt 0:00:10]} 62. Be1 {[%emt 0:00:00]} Bd4 {[%emt 0:00:19]} 63. Bd2 {[%emt 0:00:00]} Bc5 {[%emt 0:01:35]} 64. Ke2 {[%emt 0:00:00]} Be7 {[%emt 0:03:32]} 65. Kd3 {[%emt 0:00:00]} Kf6 {[%emt 0:00:29]} 66. Kc4 {[%emt 0:00:00]} Ke6 {[%emt 0:00:05]} 67. Bh6 {[%emt 0:00:00]} Ba3 {[%emt 0:01:11]} 68. Be3 {[%emt 0:00:00]} Be7 {[%emt 0:00:16]} 69. g5 {[%emt 0:00:00]} Ba3 {[%emt 0:00:52]} 70. Bb6 {[%emt 0:00:00]} Bc1 {[%emt 0:01:32]} 71. Bd8 {[%emt 0:00:00]} Ba3 {[%emt 0:01:10]} 72. g6 {[%emt 0:00:00]} Bf8 {[%emt 0:00:11]} 73. Bg5 {[%emt 0:00:00]} Ba3 {[%emt 0:00:57]} 74. Kd3 {[%emt 0:00:00]} Bf8 {[%emt 0:00:40]} 75. Ke2 {[%emt 0:00:00]} Bg7 {[%emt 0:00:36]} 76. Kf3 {[%emt 0:00:00]} Bf6 {[%emt 0:00:30]} 77. Kg4 {[%emt 0:00:00]} Bg7 {[%emt 0:00:11]} 78. Kh5 {[%emt 0:00:35]} Bf8 {[%emt 0:00:30]} 79. Bh6 {[%emt 0:00:29]} Be7 {[%emt 0:00:15]} 80. Bg7 {[%emt 0:00:14]} Bb4 {[%emt 0:01:01]} 81. Bxe5 {[%emt 0:01:20]} 1-0

[Event "SVK ECo-C Extraliga 2021-22"]
[Site "Slovakia"]
[Date "2022.03.13"]
[Round "6.1"]
[White "Donchenko, Alexander"]
[Black "Plat, Vojtech"]
[Result "1/2-1/2"]
[WhiteElo "2636"]
[BlackElo "2554"]
[Annotator "TA"]
[PlyCount "57"]
[EventDate "2021.10.21"]
[EventType "team-tourn"]
[EventCountry "SVK"]
[SourceTitle "playchess.com"]
[Source "ChessBase"]
[SourceQuality "1"]

{[%evp 23,57,47,52,38,41,52,38,40,50,28,28,0,7,1,37,0,0,0,0,0,0,0,7,0,0,0,0,-8,0,-35,0,0,0,-22,0,0]} 1. Nf3 c5 2. c4 g6 3. d4 cxd4 4. Nxd4 Bg7 5. e4 Nc6 6. Be3 Nf6 7. Nc3 Ng4 8. Qxg4 Nxd4 9. Qd1 e5 10. Bd3 O-O 11. O-O d6 12. Qd2 Be6 13. Ne2 {B39: Sicilian: Maroczy Bind with 5...Bg7 and 7...Ng4.} a6 14. Nxd4 exd4 15. Bf4 {[#] White is slightly better.} f5 $146 ({Predecessor:} 15... b5 16. cxb5 axb5 17. Bxb5 Qb6 18. a4 Rfc8 19. Rac1 Rc5 20. Bh6 Bh8 21. Qd3 Rac8 {1-0 (65) Somborski,N (2340)-Felegyhazi,L (2337) Gyula 2001}) 16. exf5 Bxf5 17. Bg3 (17. Be2 $5 {[%cal Re2f3]}) 17... Rc8 18. Rac1 Qd7 19. b3 (19. Be2 {seems wilder.} b5 20. b3 Rfe8 21. Bf4 Be5 22. Rfe1) 19... d5 20. c5 Bxd3 21. Qxd3 Qb5 22. Rfd1 Rfe8 23. Qxb5 axb5 24. Kf1 Rc6 25. Rc2 Rec8 26. Rdc1 Bh6 27. Rd1 {The position is equal.} Bg7 28. Rdc1 Bh6 29. Rd1 {Weighted Error Value: White=0.09 (flawless) /Black=0.08 (flawless)} 1/2-1/2

[Event "SVK ECo-C Extraliga 2021-22"]
[Site "Slovakia"]
[Date "2022.03.13"]
[Round "6.1"]
[White "Zilka, Stepan"]
[Black "Babula, Vlastimil"]
[Result "0-1"]
[WhiteElo "2606"]
[BlackElo "2558"]
[Annotator "TA"]
[PlyCount "84"]
[EventDate "2021.10.21"]
[EventType "team-tourn"]
[EventCountry "SVK"]
[SourceTitle "playchess.com"]
[Source "ChessBase"]
[SourceQuality "1"]

{[%evp 12,84,20,27,33,32,29,35,35,35,28,0,0,10,13,0,0,0,0,0,31,24,26,18,19,14,20,31,28,14,2,2,13,0,7,-47,-43,-40,-43,-49,-48,-36,0,-47,-21,-202,-202,-175,-192,-183,-155,-287,-204,-419,-122,-114,-93,-108,-93,-93,-93,-93,-93,-93,-93,-93,-93,-93,-93,-93,-93,-93,-93,-93,-93]} 1. d4 Nf6 2. c4 e6 3. Nc3 Bb4 4. Qc2 d5 5. a3 Bxc3+ 6. Qxc3 dxc4 7. Qxc4 b6 {E36: Nimzo-Indian: Classical: 4...d5 5 a3.} 8. Bf4 Ba6 9. Qxc7 Qd5 {White is slightly better.} 10. Qd6 ({But not} 10. Bd6 $2 Nc6 11. Bb4 Rc8 $19) 10... Qa5+ 11. Qb4 (11. b4 {with more complications.} Qa4 12. f3 Nc6 13. Rc1 Ne7 14. e4) 11... Nc6 {[%csl LRb4,LRd4][%mdl 64] [#] Pin} 12. Qxa5 Nxa5 13. h4 {[#]} Rc8 $146 ({Predecessor:} 13... Nd5 14. Bd2 Nb3 15. Rd1 Nxd4 16. f3 f5 17. e3 Bxf1 18. exd4 Ba6 19. Rc1 Kd7 20. Nh3 Rac8 {½-½ (20) Vrolijk,L (2479)-Pruijssers,R (2550) Belgium 2019}) 14. Rh3 O-O $1 15. Be5 Rfd8 16. b4 Nc6 17. Bxf6 gxf6 18. e3 Bxf1 19. Kxf1 a5 20. b5 Ne7 21. a4 Rc2 22. Ne2 Rdc8 23. Rf3 (23. g4 $11) 23... f5 $1 $15 {[%cal Bf6f5,Bf5g4][%mdl 32]} 24. h5 h6 25. g4 fxg4 26. Rg3 f5 27. e4 {To avoid Nd5} (27. f3 $11) 27... Kf7 28. d5 $2 (28. Rd1 $1 $11) 28... exd5 $19 29. exf5 R8c4 (29... Nxf5 30. Rxg4 Re8 31. Re1 $11) 30. Rd3 Kf6 ({Worse is} 30... Nxf5 31. Rxd5 Nh4 32. Rd7+ Kf6 33. Rd6+ Kg5 34. Nd4 $11) 31. Raa3 (31. Re1 $17) 31... Rb4 {[#] Strongly threatening ...Rb1+.} ({Stronger than} 31... Nxf5 32. Rxd5 Rb2 33. Rd8 $15) 32. Rd1 {Prevents Rb1.} (32. Ra1) 32... Nxf5 $2 (32... Rbb2 $19 33. Re1 d4) 33. Rc3 $17 {Black is better.} Rxc3 {Black is more active.} 34. Nxc3 Ne7 {...d4 is the strong threat.} 35. Nxd5+ Nxd5 36. Rxd5 Rxa4 {[%mdl 4096] Endgame aiming for ...Re4. KR-KR} 37. Rd6+ Kg5 38. Rxb6 Rb4 39. Rb8 Kxh5 40. b6 Kh4 {Threatens to win with ...Kh3.} 41. Kg2 h5 42. Ra8 Rxb6 {Weighted Error Value: White=0.26 (precise) /Black=0.23 (precise)} 0-1

[Event "SVK ECo-C Extraliga 2021-22"]
[Site "Slovakia"]
[Date "2022.03.13"]
[Round "6.1"]
[White "Ftacnik, Lubomir"]
[Black "Aczel, Gergely"]
[Result "1/2-1/2"]
[WhiteElo "2508"]
[BlackElo "2545"]
[Annotator "TA"]
[PlyCount "53"]
[EventDate "2021.10.21"]
[EventType "team-tourn"]
[EventCountry "SVK"]
[SourceTitle "playchess.com"]
[Source "ChessBase"]
[SourceQuality "1"]

{[%evp 13,53,5,12,22,9,8,19,0,20,0,0,0,37,38,52,62,70,47,45,34,50,31,64,64,63,52,52,59,60,61,60,0,0,0,0,0,0,0,0,-9,4,7]} 1. Nf3 {ChessBase II} d5 2. d4 Nf6 3. c4 e6 4. Nc3 Bb4 5. cxd5 exd5 6. Bg5 Qd6 7. Bxf6 Qxf6 8. Qa4+ {D38: Queen's Gambit Declined: Ragozin Defence (4 Nf3 Bb4).} Nc6 9. e3 O-O 10. Rc1 Qg6 {[#]} 11. a3 $146 ({Predecessor:} 11. h3 Bxc3+ 12. bxc3 Ne7 13. Qd1 Re8 14. Bd3 Qxg2 15. Rh2 {1-0 (15) Lutard,F (1885)-Croze,Y (2030) Issy les Moulineaux 2013 EXT 2015 [ChessBase II]}) 11... Bxc3+ 12. bxc3 a6 13. c4 dxc4 14. Qxc4 Re8 15. Qc2 Bf5 16. Qb2 Be4 17. Be2 $1 Ne7 {[%cal Bc6e7,Be7d5,Bd5e3,Be3f1][%mdl 32]} (17... Qxg2 $2 18. Rg1 Qh3 {[#]} 19. d5 $1 $18) 18. O-O Nd5 19. g3 Qh5 20. Ne1 Qh6 21. Ng2 Rad8 (21... Qh3 $2 22. f3 Bg6 23. e4 $18 (23. Qxb7 Nxe3 24. Nxe3 Rab8 $16)) 22. f3 (22. Rfe1 $14) 22... Nxe3 $11 {The position is equal.} 23. fxe4 {[#] Threatens to win with Rf4.} Nxf1 24. Bxf1 Qb6 25. Qxb6 cxb6 26. Rc7 Rxe4 27. Rxb7 {Weighted Error Value: White=0.07 (flawless) /Black=0.06 (flawless)} 1/2-1/2

[Event "SVK ECo-C Extraliga 2021-22"]
[Site "Slovakia"]
[Date "2022.03.13"]
[Round "6.1"]
[White "Vykouk, Jan"]
[Black "Pechac, Jergus"]
[Result "1/2-1/2"]
[WhiteElo "2471"]
[BlackElo "2599"]
[Annotator "TA"]
[PlyCount "34"]
[EventDate "2021.10.21"]
[EventType "team-tourn"]
[EventCountry "SVK"]
[SourceTitle "playchess.com"]
[Source "ChessBase"]
[SourceQuality "1"]

{[%evp 13,34,14,19,14,25,22,23,15,25,0,0,0,18,20,17,0,10,11,21,21,25,28,25]} 1. e4 e5 2. Nf3 Nc6 3. Bc4 Bc5 4. d3 Nf6 5. O-O d6 6. c3 a6 7. Nbd2 O-O 8. Re1 {C54: Giuoco Piano: 4 c3 Nf6, main lines with 5 d4 and 5 d3.} Ba7 9. a4 h6 10. h3 Be6 11. a5 Re8 12. Qb3 Qd7 13. Bxe6 (13. Qxb7 $2 Bxc4 14. Nxc4 Reb8 15. Qxa8 Rxa8 $19) 13... fxe6 {[#]} 14. Nc4 $146 ({Not} 14. Qxb7 $2 Reb8 15. Qxa8 Rxa8 $19) ({Predecessor:} 14. Nf1 d5 15. Be3 d4 16. cxd4 Bxd4 17. Nxd4 Nxd4 18. Bxd4 exd4 19. Rac1 Kh7 20. Qc4 {0-1 (38) Okike,D (2177)-Baskin,R (2390) Chess.com INT 2020}) 14... Nh5 15. Be3 ({Wrong is} 15. Qxb7 $2 Reb8 16. Qxa8 Rxa8 $19) 15... Bxe3 16. fxe3 Rf8 17. Rf1 ({Much weaker is} 17. Qxb7 Rfb8 18. Nb6 Rxb7 $15) 17... Rab8 {An even fight not without its subleties.  Weighted Error Value: White=0.05 (flawless) /Black=0.08 (flawless)} 1/2-1/2

[Event "SVK ECo-C Extraliga 2021-22"]
[Site "Slovakia"]
[Date "2022.03.13"]
[Round "6.1"]
[White "Petenyi, Tamas"]
[Black "Mihok, Oliver"]
[Result "0-1"]
[WhiteElo "2452"]
[BlackElo "2544"]
[Annotator "TA"]
[PlyCount "92"]
[EventDate "2021.10.21"]
[EventType "team-tourn"]
[EventCountry "SVK"]
[SourceTitle "playchess.com"]
[Source "ChessBase"]
[SourceQuality "1"]

{[%evp 15,92,7,11,15,18,-8,8,0,20,0,99,99,104,95,143,146,123,99,147,142,170,81,148,148,160,171,157,153,168,132,137,144,189,165,231,220,260,94,128,0,12,-16,66,-247,-237,-241,-247,-248,-252,-250,-243,-246,-240,-312,-257,-253,-268,-261,-197,-355,-354,-367,-363,-439,-336,-357,-355,-336,-331,-369,-356,-387,-376,-557,-557,-540,-535,-1539,-1216]} 1. c4 g6 2. g3 Bg7 3. Bg2 d6 4. Nc3 e5 5. e3 Nf6 6. Nge2 O-O 7. O-O c6 {7...Nc6 is more fashionable.} 8. d4 Re8 9. e4 {E61: King's Indian: Early deviations for White, including Smyslov System.} exd4 10. Nxd4 {[#]} Qb6 $146 ({Predecessor:} 10... Nbd7 11. Re1 Nc5 12. Bf4 Ng4 13. h3 Ne5 14. Bf1 Qb6 15. Qd2 Ncd3 16. Bxd3 Qxd4 {0-1 (49) Le,Q (2693)-Topalov,V (2752) Astana 2012}) 11. Nb3 {The position is equal.} Be6 12. Qxd6 Rd8 {[#]} (12... Na6 $11 {remains equal.}) 13. c5 $1 $16 {[%cal Bc4c5,Bc5b6,Bb6a7][%mdl 32]} Rxd6 14. cxb6 {Strongly threatening e5.} Nbd7 (14... Ng4 $142) 15. Bf4 Rd3 16. Nc1 Rd4 (16... Rxc3 $142 17. bxc3 axb6) 17. bxa7 $1 Rc4 18. Re1 (18. N1e2 $18) 18... Nh5 ({Black should play} 18... Nc5) 19. Bd2 $1 (19. Be3 $6 Bxc3 20. bxc3 b6 $16) 19... Rb4 20. Rb1 (20. Nd3 $6 Rd4 $14) 20... Rxa7 21. b3 {[%cal Oc3d5]} Rb6 22. N3e2 Ra8 23. Be3 c5 (23... Rba6 $16 {was necessary.} 24. Nd4 Bxd4) 24. Rd1 $18 Rb5 (24... f5 {is a better defense.}) 25. f4 Nb6 {[%cal Ob6c4]} (25... Bg4 $2 26. h3 Bxe2 27. Nxe2 $18) 26. Nd3 $2 (26. e5 $18 {is more deadly.}) 26... Rxa2 $16 {[#]} 27. Nec1 ({Better is} 27. Ndc1 $1 $16 Rc2 28. Rd8+ Bf8 29. f5 gxf5 30. Bh6) 27... Ra8 {[%cal Ob6c4]} ({Don't take} 27... Rc2 28. Ne1 Rxg2+ 29. Nxg2 $16 (29. Kxg2 Nf6 $16)) 28. Nxc5 Nc4 (28... Bg4 $11 29. N1d3 Bxd1 30. Rxd1 Nf6) 29. Bd4 $2 {[%mdl 8192] [#] Loses the game.} (29. Nxe6 $14 Nxe3 30. Nc7) 29... Bg4 $1 $19 30. Rd3 Bxd4+ 31. Rxd4 Na3 32. Ra1 {Black must now prevent b4.} Rxc5 {[%cal Bb5c5,Bc5c8,Bc8a8,Ba8a1][%mdl 32]} 33. Nd3 Rcc8 34. Ne5 Be6 35. f5 {[#]} Nc2 $1 36. Rxa8 Rxa8 37. Rd3 (37. Ra4 {was worth a try.} Rxa4 38. bxa4) 37... gxf5 38. exf5 Bxf5 39. Rc3 Nd4 {...Ne2+ is the strong threat.} 40. Bxb7 Ra1+ 41. Kf2 Be6 42. g4 Nf6 43. Ke3 Nxb3 44. Bf3 (44. h3 $142) 44... Re1+ {Black is clearly winning.} 45. Kf4 Nd4 {And now ...Ne2+ would win.} 46. g5 Ne2+ {Weighted Error Value: White=0.49/Black=0.27 (precise)} 0-1

[Event "SVK ECo-C Extraliga 2021-22"]
[Site "Slovakia"]
[Date "2022.03.13"]
[Round "6.1"]
[White "Mazur, Stefan"]
[Black "Stocek, Jiri"]
[Result "0-1"]
[WhiteElo "2422"]
[BlackElo "2556"]
[Annotator "TA"]
[PlyCount "56"]
[EventDate "2021.10.21"]
[EventType "team-tourn"]
[EventCountry "SVK"]
[SourceTitle "playchess.com"]
[Source "ChessBase"]
[SourceQuality "1"]

{[%evp 13,56,15,11,23,35,25,29,18,13,0,0,0,-12,-13,0,-12,-13,-16,-21,-11,0,-40,-18,-101,-107,-102,-102,-231,-162,-485,-481,-472,-477,-511,-467,-451,-299,-348,-334,-660,-664,-685,-527,-522,-517]} 1. e4 c5 2. Nf3 d6 3. d4 cxd4 4. Nxd4 Nf6 5. Nc3 a6 6. f4 Nbd7 7. Be2 g6 8. Be3 {B93: Sicilian Najdorf: 6 f4.} e5 $5 {[%mdl 4] Leaves trodden paths.} 9. Nb3 {[#]} b5 $146 ({Predecessor:} 9... exf4 10. Bxf4 Qc7 11. O-O b5 12. Qd4 Ne5 13. Rad1 Bb7 14. Bxb5+ axb5 15. Nxb5 Qc6 16. Bxe5 dxe5 17. Qxe5+ {1-0 (26) Ravagnani,T (1994)-Desideri,P (1688) Cavarzere 2012}) 10. O-O {White has an edge.} Bb7 11. a4 b4 12. Nd5 Bxd5 13. exd5 Bh6 14. Kh1 {[%cal Of4e5]} O-O 15. fxe5 Bxe3 16. exf6 Re8 17. Qe1 Nxf6 {[%cal Bd7f6,Bf6e4,Be4f2][%mdl 32]} 18. Qxb4 {[#]} (18. Qh4 $11 {remains equal.} Ne4 19. Qxd8 Rexd8 20. g3) 18... Ne4 $1 $17 {Hoping for ...Qh4.} 19. Qe1 {[#] Prevents Qh4.} ({Don't blunder} 19. Qb7 $2 Ra7 20. Qc6 Rc7 21. Qxa6 Rxc2 $19) 19... Qb6 $1 {Black is more active.} 20. g3 {Loses the game.} (20. Qa5 $17) 20... Rac8 21. Qa5 $2 (21. Qb1 {is a better chance.}) 21... Rxc2 $19 22. Qxb6 Bxb6 23. Bxa6 Nf2+ 24. Rxf2 Bxf2 25. Bb5 Re5 {White must now prevent ...Rh5.} 26. Rc1 $2 (26. Rd1) 26... Rxb2 {Black is clearly winning.} 27. Na5 Rxd5 28. Nc4 Ra2 {Weighted Error Value: White=0.52/Black=0.18 (very precise)} 0-1

[Event "SVK ECo-C Extraliga 2021-22"]
[Site "Slovakia"]
[Date "2022.03.13"]
[Round "6.2"]
[White "Kriebel, Tadeas"]
[Black "Leniart, Arkadiusz"]
[Result "1/2-1/2"]
[WhiteElo "2519"]
[BlackElo "2465"]
[Annotator "TA"]
[PlyCount "61"]
[EventDate "2021.10.21"]
[EventType "team-tourn"]
[EventCountry "SVK"]
[SourceTitle "playchess.com"]
[Source "ChessBase"]
[SourceQuality "1"]

{[%evp 15,61,0,2,0,0,0,0,0,0,0,0,0,0,0,0,0,9,0,0,0,0,0,0,0,0,0,0,0,0,-29,-12,-26,-38,-23,0,0,0,0,0,-31,-31,-31,-31,-31,-31,-37,-43,-39]} 1. d4 Nf6 2. c4 e6 3. g3 d5 4. Bg2 Bb4+ 5. Nd2 O-O 6. Ngf3 b6 7. O-O Bb7 8. Qc2 Nbd7 9. cxd5 {E16: Queen's Indian: 4 g3 Bb7 5 Bg2 Bb4+.} exd5 10. Ne5 Re8 11. Ndf3 {The position is equal.} Nxe5 12. Nxe5 Bd6 13. Nd3 {To avoid c5} Qe7 {[#]} 14. Bf3 $146 ({Predecessor:} 14. Be3 Ne4 15. Rac1 Qf6 16. Rfd1 h5 17. Ne5 Rad8 18. b4 Qe6 19. Qb3 Qf5 20. f3 {0-1 (67) Francovig,H (2244)-Krzyzanowski,W (2411) ICCF email 2011}) 14... c5 15. dxc5 bxc5 16. Bf4 Bxf4 17. Nxf4 g5 18. Nh5 Nxh5 19. Bxh5 d4 20. Qc4 Red8 21. Rac1 Rac8 22. Rfd1 Bd5 23. Qa4 Qe6 {[#] aiming for ...g4.} 24. Bf3 Bxa2 {...Bb3 is the strong threat.} 25. Qxa7 Bb3 26. Rd3 g4 27. Rxb3 Qxb3 {Black is slightly better.} 28. Bxg4 Qxb2 29. Rxc5 Qb1+ 30. Kg2 Rxc5 31. Qxc5 {Weighted Error Value: White=0.05 (flawless) /Black=0.01 (flawless)} 1/2-1/2

[Event "SVK ECo-C Extraliga 2021-22"]
[Site "Slovakia"]
[Date "2022.03.13"]
[Round "6.2"]
[White "Druska, Juraj"]
[Black "Pulpan, Jakub"]
[Result "1/2-1/2"]
[WhiteElo "2503"]
[BlackElo "2420"]
[Annotator "TA"]
[PlyCount "123"]
[EventDate "2021.10.21"]
[EventType "team-tourn"]
[EventCountry "SVK"]
[SourceTitle "playchess.com"]
[Source "ChessBase"]
[SourceQuality "1"]

{[%evp 13,123,0,0,0,0,0,0,0,0,0,16,0,0,0,0,0,0,0,0,0,0,0,0,0,0,0,0,0,0,0,8,4,5,5,6,5,5,5,6,6,7,7,10,1,1,0,0,0,0,0,8,8,8,0,1,0,0,0,8,8,8,0,0,0,0,0,0,0,0,0,0,0,0,0,0,0,0,0,8,8,8,0,8,0,8,8,8,8,8,8,8,8,8,0,8,0,0,0,8,8,8,8,8,8,8,0,0,0,0,0,0,0]} 1. d4 Nf6 2. c4 e6 3. Nc3 Bb4 4. Qc2 O-O 5. e4 d5 6. e5 Ne4 7. Bd3 c5 $1 {The position is equal.} 8. Nf3 {E32: Nimzo-Indian: Classical (4 Qc2): 4...0-0.} cxd4 9. Nxd4 Nd7 $1 10. Bf4 Qh4 11. g3 Qh5 12. O-O Bxc3 13. bxc3 g5 $1 ({Much less strong is} 13... Nxe5 14. Be2 Ng4 15. Bxg4 Qxg4 16. f3 $16) 14. cxd5 exd5 15. Bxe4 {The old main line.} dxe4 16. e6 gxf4 17. exd7 Bxd7 18. Qxe4 fxg3 19. hxg3 b6 20. Rfe1 {[#]} Rae8 $146 {Prevents Qe7.} ({Predecessor:} 20... Rad8 21. Qb7 Bg4 22. Re7 Rxd4 23. cxd4 Bf3 24. Qxf3 Qxf3 25. Rae1 Qa3 26. Rd7 Qxa2 {0-1 (37) Holt,C (2549)-Martinez Alcantara,J (2620) Chess.com INT 2021}) 21. Qb7 {[%csl LRa7,LRd7]} Be6 {[#] Hoping for ...Bd5.} 22. Nxe6 fxe6 23. Rad1 Qf3 24. Qxf3 Rxf3 $11 {[%mdl 4096] Endgame KRR-KRR} 25. Re4 Ref8 26. Rd2 Rxc3 27. Rxe6 Rfc8 28. Rd7 R3c7 29. Re8+ Rxe8 30. Rxc7 {KR-KR} a5 31. Rb7 Re1+ 32. Kg2 Rb1 33. a4 Rb4 34. f4 Rxa4 35. Rxb6 Rb4 36. Ra6 h5 37. Kh3 {[#] Threatens to win with Ra8+.} Rb5 $1 38. Ra7 Kf8 39. Kg2 Rb2+ 40. Kf3 Rb3+ 41. Ke4 Rxg3 42. Kf5 Rb3 43. Ra6 Kf7 44. Ra7+ Kf8 45. Kg6 Rb6+ 46. Kxh5 a4 47. f5 a3 48. Kg5 a2 49. Rxa2 Kf7 50. Ra7+ Kf8 51. Rd7 Ra6 52. Kf4 Ke8 53. Rd5 Kf7 54. Ke5 Ke7 55. Rb5 Kf7 56. Rb7+ Kf8 57. Rd7 Ke8 58. Rg7 Kf8 59. Rg6 Rxg6 60. fxg6 {White threatens Kf6 and mate.} Kg7 61. Kf5 Kg8 62. Kf6 {A balanced but interesting game.  Weighted Error Value: White=0.01 (flawless) /Black=0.02 (flawless)} 1/2-1/2